ARRUPE JESUIT UNIVERSITY

CORONAVIRUS -STOP THE SPREAD - CLEAN,DISINFECT,COVER

The Jesuits II : (Record no. 120573)

MARC details
000 -LEADER
fixed length control field 01838cam a2200361 a 4500
001 - CONTROL NUMBER
control field 14481221
003 - CONTROL NUMBER IDENTIFIER
control field ARRUPE
005 - DATE AND TIME OF LATEST TRANSACTION
control field 20140729020004.0
008 - FIXED-LENGTH DATA ELEMENTS--GENERAL INFORMATION
fixed length control field 060804s2006 oncag b 101 0 eng d
010 ## - LIBRARY OF CONGRESS CONTROL NUMBER
LC control number 2006280170
016 ## - NATIONAL BIBLIOGRAPHIC AGENCY CONTROL NUMBER
Record control number 20059016833
020 ## - INTERNATIONAL STANDARD BOOK NUMBER
International Standard Book Number 0802038611 (alk. paper)
020 ## - INTERNATIONAL STANDARD BOOK NUMBER
International Standard Book Number 9780802038616
035 ## - SYSTEM CONTROL NUMBER
System control number (OCoLC)ocm58544930
040 ## - CATALOGING SOURCE
Original cataloging agency NLC
Language of cataloging eng
Transcribing agency NLC
Modifying agency BAKER
-- HCD
-- C#P
-- DLC
042 ## - AUTHENTICATION CODE
Authentication code lccopycat
050 00 - LIBRARY OF CONGRESS CALL NUMBER
Classification number BX3706.3
Item number .J48 2006
300 ## - PHYSICAL DESCRIPTION
Other physical details ill., music ;
Dimensions 24 cm. +
245 04 - TITLE STATEMENT
Title The Jesuits II :
Remainder of title cultures, sciences, and the arts, 1540-1773 /
Statement of responsibility, etc edited by John W. O'Malley ... [et al.].
246 3# - VARYING FORM OF TITLE
Title proper/short title Jesuits 2
246 3# - VARYING FORM OF TITLE
Title proper/short title Jesuits two
260 ## - PUBLICATION, DISTRIBUTION, ETC. (IMPRINT)
Place of publication, distribution, etc Toronto ;
-- Buffalo :
Name of publisher, distributor, etc University of Toronto Press,
Date of publication, distribution, etc c2006.
300 ## - PHYSICAL DESCRIPTION
Extent xxxvi, 905 p. :
Accompanying material 1 videodisc
500 ## - GENERAL NOTE
General note Essays originally presented as papers at a conference held in 2002.
504 ## - BIBLIOGRAPHY, ETC. NOTE
Bibliography, etc Includes bibliographical references and index.
505 2# - FORMATTED CONTENTS NOTE
Formatted contents note Pt. 1. The Society in society -- Pt. 2. The visual arts and the arts of persuasion -- Pt. 3. Scientific knowledge, the order of nature, and natural theology -- Pt. 4. Music, theatre, and the uses of performance -- Pt. 5. The overseas missions: challenges and strategies -- Pt. 6. Expulsions, suppressions, and the surviving remnant -- Appendix: Jesuit opera in seventeenth-century Vienna: Patientis Christi memoria by Johann Bernhard Staudt (1654-1712).
610 20 - SUBJECT ADDED ENTRY--CORPORATE NAME
Corporate name or jurisdiction name as entry element Jesuits
General subdivision History
Form subdivision Congresses.
9 (RLIN) 10466
650 #0 - SUBJECT ADDED ENTRY--TOPICAL TERM
Topical term or geographic name as entry element Christianity and culture
Form subdivision Congresses.
9 (RLIN) 10467
700 1# - ADDED ENTRY--PERSONAL NAME
Personal name O'Malley, John W.
9 (RLIN) 10468
856 41 - ELECTRONIC LOCATION AND ACCESS
Materials specified Table of contents only
Uniform Resource Identifier <a href="http://www.loc.gov/catdir/toc/fy0701/2006280170.html">http://www.loc.gov/catdir/toc/fy0701/2006280170.html</a>
906 ## - LOCAL DATA ELEMENT F, LDF (RLIN)
a 7
b cbc
c copycat
d 2
e ncip
f 20
g y-gencatlg
942 ## - ADDED ENTRY ELEMENTS (KOHA)
Source of classification or shelving scheme Library of Congress Classification
Koha item type Monograph ( Printed materials)
Koha issues (borrowed), all copies 1
Holdings
Withdrawn status Lost status Source of classification or shelving scheme Damaged status Not for loan Home library Current library Date acquired Total Checkouts Full call number Barcode Date last seen Date checked out Price effective from Koha item type
    Library of Congress Classification     ARRUPE LIBRARY ARRUPE LIBRARY 22/05/2014 3 BX3706.3 .J48 2006 46500002174 22/11/2017 20/04/2017 22/05/2014 Monograph ( Printed materials)

 

Arrupe Library. PO Box MP320 Mt Pleasant, Harare, Zimbabwe
263 242 745411|librarian@aju.ac.zw